Statistics for Obfuscations of Mitski Songs #1

Click here to take the quiz!

General Stats

  • This quiz has been taken 42 times
  • The average score is 7 of 14

Answer Stats

HintAnswer% Correct
Myself and the man to which I have legally declared my romantic commitment toMe and My Husband
100%
Farewell, my lover that hails from the land of the Danes.Goodbye, My Danish Sweetheart
73%
A man with light hair that is slightly reddishStrawberry Blond
73%
The object over yonder is the room illuminating device that belongs to both of usThat's Our Lamp
61%
I implore you to take me into your arms and transport me to somewhere other than this placeCarry Me Out
55%
It is not me that partakes in the inhalation of fumes that result from matter being burned.I Don't Smoke
52%
My corporeal being consists of the remains of diminutive novae that have been compressedMy Body's Made of Crushed Little Stars
52%
A religious building that is under the governance of an abbot or abbessAbbey
45%
A sack containing mineralized osseous tissueBag of Bones
45%
The sole destroyer of the primary organ in the circulatory systemThe Only Heartbreaker
45%
A sensation that is like that of being adored by someone elseA Loving Feeling
36%
The result of a response from the immune system of a bivalve to a parasite or other invading substanceA Pearl
36%
Members of the taxonomic rank Bubalina that have had something else take their placeBuffalo Replaced
33%
A member of the order Hemiptera that resembles a seraphBug Like an Angel
24%

Score Distribution

Percentile by Number Answered

Percent of People with Each Score

Your Score History

You have not taken this quiz